Un Magnate catalán en la corte de Alfonso VII (Record no. 9400)

MARC details
000 -LEADER
campo de control de longitud fija 00886nam a2200241 i 4500
001 - NÚMERO DE CONTROL
campo de control 9400
003 - IDENTIFICADOR DE NÚMERO DE CONTROL
campo de control ES-MaACL
005 - FECHA Y HORA DE LA ÚLTIMA TRANSACCIÓN
campo de control 20251108134000.0
007 - CAMPO FIJO DE DESCRIPCIÓN FÍSICA--INFORMACIÓN GENERAL
campo de control de longitud fija t|
008 - DATOS DE LONGITUD FIJA--INFORMACIÓN GENERAL
campo de control de longitud fija 930826s1991 sp ||||1| spa d
020 ## - NÚMERO INTERNACIONAL ESTÁNDAR DEL LIBRO
Número Internacional Estándar del Libro 84-86568-41-2
080 ## - NÚMERO DE LA CLASIFICACIÓN DECIMAL UNIVERSAL
Número de la Clasificación Decimal Universal 92 Ponce de Cabrera, Conde de Zamora
100 1# - ENTRADA PRINCIPAL--NOMBRE DE PERSONA
Nombre de persona Fernández-Xesta y Vázquez, Ernesto.
9 (RLIN) 50170
245 13 - MENCIÓN DEL TÍTULO
Título Un Magnate catalán en la corte de Alfonso VII
Resto del título : "Comes Poncius de Cabreira, Princeps Çemore" /
Mención de responsabilidad, etc. Ernesto Fernández-Xesta y Vázquez.
260 ## - PUBLICACIÓN, DISTRIBUCIÓN, ETC.
Lugar de publicación, distribución, etc. Madrid :
Nombre del editor, distribuidor, etc. Prensa y Ediciones Iberoamericanas,
Fecha de publicación, distribución, etc. D.L. 1991.
300 ## - DESCRIPCIÓN FÍSICA
Extensión 238 p. :
Otras características físicas il. col. y n. ;
Dimensiones 23 cm.
490 1# - MENCIÓN DE SERIE
Mención de serie El Persevante Borgoña ;
Designación de volumen o secuencia 2
500 ## - NOTA GENERAL
Nota general Indice.
600 04 - PUNTO DE ACCESO ADICIONAL DE MATERIA--NOMBRE DE PERSONA
Nombre de persona Ponce de Cabrera,
Títulos y otros términos asociados al nombre Conde de Zamora-
Subdivisión general Genealogía
9 (RLIN) 92945
830 0# - PUNTO DE ACCESO ADICIONAL DE SERIE-TÍTULO UNIFORME
Título uniforme El Persevante Borgoña ;
Designación de volumen o secuencia 2
9 (RLIN) 178469
852 ## - LOCALIZACIÓN
Ubicación ES-MaACL
Número de control de estantería L-16834
Sublocalización o colección R.121612
Holdings
Estatus retirado Estado de pérdida Estado de daño No para préstamo Biblioteca de origen Biblioteca actual Ubicación en estantería Fecha de adquisición Fuente de adquisición Total de préstamos Signatura topográfica completa Código de barras Visto por última vez Precio de reemplazo Tipo de ítem Koha
        Biblioteca del Ateneo de Madrid Biblioteca del Ateneo de Madrid Depósito 2 17/01/2008     L-16834 1009592 23/02/2023 23/02/2023 Libro impreso